000 01000nam a2200301Ia 4500
001 B3994
003 IT-RoPAU
008 130308s9999 xx 000 0 und d
040 _aIT-RoPAU
040 _cIT-RoPAU
041 _aSPAGNOLO
100 _aUrioste Isabel
100 _gCodice Aut. SPICS: 38017
245 _aBolivia: comunicacion, cultura popular y ejercicio de la democracia
245 _bComunicacion Y Culturas populares En Latinoamerica
250 _a1a ed.
260 _aMEXICO
260 _bGustavo Gili
260 _c1987 [1° Ed.:1987 - Ed.Ling.Originale:1983]
300 _a"11 p. (prefazione: no ; testo: 11 [pagine: 238-248])"
500 _aBolivia: Comunicazione, Cultura Popolare ed Esercizio della Democrazia. Piccolo Spazio per L'Aggiornamento. Dinamica Organizzativa e Processo di Comunicazione.
650 _aSOCIOLOGIA DELLA COMUNICAZIONE SOCIALE
650 _eCodice materia Spics: 3806
942 _cBK
957 _71
999 _c44201
_d44201
999 _bSI
999 _g1